A Thematic Commentary on The Qur`an / (Record no. 12539)
[ view plain ]
| 000 -LEADER | |
|---|---|
| fixed length control field | 00785nam a2200253 a 4500 |
| 001 - CONTROL NUMBER | |
| JCCL Control Number | 12539 |
| 003 - CONTROL NUMBER IDENTIFIER | |
| JCCL marc code | BD-JhCC |
| 005 - DATE AND TIME OF LATEST TRANSACTION | |
| control field | 20220901092436.0 |
| 008 - FIXED-LENGTH DATA ELEMENTS--GENERAL INFORMATION | |
| fixed length control field | 220901b1999 vi |||| ||a| 000 0 eng d |
| 020 ## - INTERNATIONAL STANDARD BOOK NUMBER | |
| International Standard Book Number | 1565642600 |
| 035 ## - SYSTEM CONTROL NUMBER | |
| system control number | (BD-JhCC)12539 |
| 040 ## - CATALOGING SOURCE | |
| Original cataloging agency | BD-JhCC |
| Modifying agency | BD-JhCC |
| 041 ## - LANGUAGE CODE | |
| Language code of Book | English |
| 082 ## - DEWEY DECIMAL CLASSIFICATION NUMBER | |
| Classification number | 297.1227 |
| Author mark and Year | GHA 1999 |
| 100 ## - MAIN ENTRY--PERSONAL NAME | |
| Personal name | Al Ghazali, Shaikh Muhammad |
| 245 ## - TITLE STATEMENT | |
| Title | A Thematic Commentary on The Qur`an / |
| Statement of responsibility, etc | Shaikh Muhammad Al Ghazali, Tra: Ashur A. Shamis. |
| 260 ## - PUBLICATION, DISTRIBUTION, ETC. (IMPRINT) | |
| Place of publication, distribution, etc | Virginia : |
| Name of publisher, distributor, etc | International Institute of Islamic Thought ; |
| Date of publication, distribution, etc | 1999. |
| 300 ## - PHYSICAL DESCRIPTION | |
| Pagination | 204 p. : |
| Dimensions | 23 cm |
| 490 ## - SERIES STATEMENT | |
| Series statement | Issues in contemporary Islamic Thought no. 14 |
| Volume number/sequential designation | Volume ll (surahs 10-29) |
| 650 ## - SUBJECT ADDED ENTRY--TOPICAL TERM | |
| Topical term or geographic name as entry element | Hermeneutics |
| 700 ## - ADDED ENTRY--PERSONAL NAME | |
| Personal name | A. Shamis, Ashur |
| 942 ## - ADDED ENTRY ELEMENTS (KOHA) | |
| Source of classification or shelving scheme | Dewey Decimal Classification |
| Koha item type | Books |
| Source of classification or shelving scheme | Damaged status | Not for loan | Home library | Current library | Shelving location | Date of accession | Cost, normal purchase price | Total Checkouts | Full call number | Barcode | Date last seen | Date checked out | Copy number | Koha item type |
|---|---|---|---|---|---|---|---|---|---|---|---|---|---|---|
| Dewey Decimal Classification | JCC Rouf Library | JCC Rouf Library | General Stacks | 06/01/2021 | 450.00 | 1 | 297.1227 GHA 1999 | 16682 | 08/22/2023 | 08/16/2023 | C-1 | Books |